Multifunctional pipeline units of the dataflow architecture

Bibliographic Details
Main Author: Jelšina, Milan, 1934-2006 (Author)
Format: Article
Language:Slovak
English
PhysicalDescription:Sch.
ISSN:1335-8243
Subjects:

MARC

LEADER 00000nab a2200000 a 4500
001 vtls000854964
003 SK-MaSNL
005 20260318094947.0
008 250429c2003 xo 0 slo
015 |a SNBRB2003/12-34801 
035 |a CLN000206619 
035 |a urn:nbn:sk:snk-abafpt 
035 |a (urnnbn)urn:nbn:sk:snk:ar-007xtv 
035 |a (uuid)d075e46f-115d-4d1e-9806-bf8f64633116 
040 |a SNKBUCL  |b slo  |c SNKBUCL  |e AACR2 
041 0 |a eng 
044 |a xo  |c SK 
080 |a 004.272.44  |2 1997 
080 |a 004.272.22  |2 1997 
100 1 |a Jelšina, Milan,  |d 1934-2006  |4 aut  |9 194553 
245 1 0 |a Multifunctional pipeline units of the dataflow architecture  |c Milan Jelšina 
300 |b Sch. 
504 |a Bibliogr. odkazy 
504 |a Res. angl. 
504 |a Biogr. údaje 
650 0 7 |a pipelining  |2 snkbucl  |9 1634967 
650 0 7 |a architektúry toku dát  |2 snkbucl  |9 1410006 
655 7 |a články z novín a časopisov  |2 snkbucl  |9 267496 
773 0 |t Acta electrotechnica et informatica  |g Roč. 3, č. 2 (2003), s. 5-11  |x 1335-8243 
850 |a Slovenská národná knižnica 
852 |a Slovenská národná knižnica 
958 |a article14 
958 |a NB 
958 |a OND 
958 |a EUIPO 
992 |a RBX 
999 |c 2866515  |d 2868445